Online Catalogue and eLibrary

Viduthalai Mugam (Record no. 5737)

MARC details
000 -LEADER
fixed length control field 00372nam a2200145Ia 4500
005 - DATE AND TIME OF LATEST TRANSACTION
control field 20250401014730.0
008 - FIXED-LENGTH DATA ELEMENTS--GENERAL INFORMATION
fixed length control field 240331s9999 xx 000 0 und d
082 ## - DDC Classification
Item Number - Author Mark VIL
Class No. 894
100 ## - MAIN ENTRY--PERSONAL NAME
Personal name Vilvarathinam, K
245 #0 - TITLE STATEMENT
Title Viduthalai Mugam
260 ## - PUBLICATION, DISTRIBUTION, ETC.
Place of publication, distribution, etc. Colombo
Name of publisher, distributor, etc. Poorani Publication
Date of publication, distribution, etc. 2007
300 ## - PHYSICAL DESCRIPTION
Extent (e.g. Volumes, Pages etc.) 104 p .,
500 ## - GENERAL NOTE
General note Late S. Vilvarathnam Meorable Poems
942 ## - Koha item type (Biblio)
Koha item type Books in Stacks (Lending)
Holdings
Lost status Damaged status Collection code Home library Current library Shelving location Date acquired Full call number Accession Number Item type
    Lending WERC Library WERC Library Social Science Cupboard 03/31/2024 894.811 VIL 6721 Books in Stacks (Lending)

© WERC Library